000 00584 a2200205 4500
001 61994
005 20260407155913.0
008 260407a1970 arg spa d
003 AR-UNSa-BCEJYS
040 _aAR-UNSa-BCEJYS
_bspa
_cAR-UNSa-BCEJYS
080 _a349.2
_xDerecho del Trabajo
245 1 0 _aVademecum laboral
_pManual práctico para las relaciones con el personal
250 _a3a. ed.
264 1 _aBuenos Aires :
_bERGON
_c1970
300 _a403 p.
_c25 cm.
041 _aspa
942 _cBK
590 _aniveau_biblio:m niveau_hierar:0
100 1 _aLeone, Fernando H.
999 _c7525
_d7525